| 000 | 00612nam a2200193 a 4500 | ||
|---|---|---|---|
| 001 | 000033688 | ||
| 003 | OSt | ||
| 005 | 20210201090116.0 | ||
| 008 | 110905s1888 dr 000 0 spa d | ||
| 040 |
_aDO-SdBNP _bspa _cBNPHU |
||
| 082 | 4 |
_a513.07 _bT686a _222 |
|
| 100 | 1 |
_aToro, Emilio _959142 |
|
| 245 | 1 | 0 |
_aAritmética teórico-práctica con aplicaciones al comercio / _cEmilio Toro. |
| 260 |
_aSanto Domingo : _bLibrería de García Hermanos, _c1888. |
||
| 300 |
_a120 p. ; _c19 cm. |
||
| 650 | 4 |
_aAritmética _xEstudio y enseñanza _977620 |
|
| 910 | _aValidado. Control de calidad MFF | ||
| 942 |
_2ddc _cLBS1 |
||
| 999 |
_c33179 _d33179 |
||